| 000 | 00386nam a2200157Ia 4500 | ||
|---|---|---|---|
| 008 | 210716s2010 xx 000 0 und d | ||
| 020 | _a9788174467904 | ||
| 041 | _aeng | ||
| 082 | _a338.04 JANB | ||
| 100 | _aJanakiram, B. | ||
| 245 | _aManagement and entrepreneurship. | ||
| 250 | _a1 | ||
| 260 |
_aNew Delhi _bExcel Books _c2010 |
||
| 300 | _axi,262 | ||
| 650 | _aEntrepreneurship | ||
| 999 |
_c205431 _d205431 |
||